Английский язык для теплоэнергетиков (Запись № 12733252)

Подробности
000 -МАРКЕР
контрольное поле 01905nam0a2200337 4500
001 - ИДЕНТИФИКАТОР ЗАПИСИ
контрольное поле RU\NLR\BIBL_A\022096651
005 - ИДЕНТИФИКАТОР ВЕРСИИ
контрольное поле 20250625120541.0
010 ## - МЕЖДУНАРОДНЫЙ СТАНДАРТНЫЙ НОМЕР КНИГИ (ISBN)
Номер (ISBN) 978-5-7782-5025-3
Тираж 14
035 ## - ДРУГИЕ СИСТЕМНЫЕ НОМЕРА
Идентификатор записи (NLR Aleph) 022096651
100 ## - ДАННЫЕ ОБЩЕЙ ОБРАБОТКИ
Данные общей обработки 20231214d2023 |||y0rusy50 ca
101 0# - ЯЗЫК РЕСУРСА
Язык текста, звукозаписи и т.д. русский
-- английский
102 ## - СТРАНА ПУБЛИКАЦИИ ИЛИ ПРОИЗВОДСТВА
Страна публикации российская федерация
105 ## - ПОЛЕ КОДИРОВАННЫХ ДАННЫХ: ТЕКСТОВЫЕ МАТЕРИАЛЫ, МОНОГРАФИЧЕСКИЕ
Кодированные данные о монографическом текстовом документе a|||j|||000yy
181 #0 - ПОЛЕ КОДИРОВАННЫХ ДАННЫХ: ВИД СОДЕРЖАНИЯ
Код вида содержания (ISBD) i
Код характеристики содержания (ISBD) axxe
182 #0 - ПОЛЕ КОДИРОВАННЫХ ДАННЫХ: ТИП СРЕДСТВА
Код типа средства (ISBD) n - непосредственное
200 1# - ЗАГЛАВИЕ И СВЕДЕНИЯ ОБ ОТВЕТСТВЕННОСТИ
Основное заглавие Английский язык для теплоэнергетиков
Параллельное заглавие English for thermal power engineers
Сведения, относящиеся к заглавию учебник
-- для студентов технических факультетов, обучающихся по направлению подготовки 13.03.01 "Теплоэнергетика и теплотехника"
Первые сведения об ответственности Л. И. Толстоброва, А. А. Глибина
Последующие сведения об ответственности Министерство науки и высшего образования Российской Федерации, Новосибирский государственный технический университет
Язык параллельного заглавия английский
203 ## - ВИД СОДЕРЖАНИЯ И ТИП СРЕДСТВА
Вид содержания Текст
Дополнительные сведения об издании визуальный
Тип средства непосредственный
210 ## - ПУБЛИКАЦИЯ, РАСПРОСТРАНЕНИЕ И ДР.
Место издания, распространения и т.д. Новосибирск
Имя издателя, распространителя и т. д. Изд-во НГТУ
Дата издания, распространения и т.д. 2023
215 ## - ФИЗИЧЕСКАЯ ХАРАКТЕРИСТИКА
Специфическое обозначение материала и объем 196, [1] с.
Другие сведения о физической характеристике ил., табл.
Размеры 25
320 ## - ПРИМЕЧАНИЯ О НАЛИЧИИ В ДОКУМЕНТЕ БИБЛИОГРАФИИ / УКАЗАТЕЛЯ
Текст примечания Библиогр.: с. 194-195 (35 назв.)
510 1# - ПАРАЛЛЕЛЬНОЕ ЗАГЛАВИЕ
Связь между полями z77790
Параллельное заглавие English for thermal power engineers
Язык заглавия английский
606 1# - НАИМЕНОВАНИЕ ТЕМЫ КАК ПРЕДМЕТ
Наименование темы Английский язык
Тематический подзаголовок Учебные издания для энергетиков
Системный номер авторитетной/нормативной записи 2434789
Идентификатор авторитетной/нормативной записи RU\NLR\AUTH\661448931
686 1# - ИНДЕКСЫ ДРУГИХ КЛАССИФИКАЦИЙ
Индекс Ш143.21-93рус328.71
700 #1 - ИМЯ ЛИЦА - ПЕРВИЧНАЯ ОТВЕТСТВЕННОСТЬ
Начальный элемент ввода Толстоброва
Часть имени, кроме начального элемента ввода Л. И.
Расширение инициалов личного имени Людмила Иннокентьевна
701 #1 - ИМЯ ЛИЦА - АЛЬТЕРНАТИВНАЯ ОТВЕТСТВЕННОСТЬ
Начальный элемент ввода Глибина
Часть имени, кроме начального элемента ввода А. А.
Расширение инициалов личного имени Анна Алексеевна
790 #1 - ИМЯ ЛИЦА - АЛЬТЕРНАТИВНАЯ ФОРМА
Связь между полями z77
Начальный элемент ввода Tolstobrova
Часть имени, кроме начального элемента ввода L. I.
Расширение инициалов личного имени Ljudmila Innokent'evna
790 #1 - ИМЯ ЛИЦА - АЛЬТЕРНАТИВНАЯ ФОРМА
Связь между полями z77
-- z77510
Начальный элемент ввода Glibina
Часть имени, кроме начального элемента ввода A. A.
Расширение инициалов личного имени Anna Alekseevna
942 ## - ДОПОЛНИТЕЛЬНЫЕ ЭЛЕМЕНТЫ ЗАПИСИ (АБИС)
Тип экземпляра АБИС Книга
980 ## - КОЛЛЕКЦИЯ
Название коллекции Национальная библиография
Экземпляры
Тип экземпляра Дата поступления Источник поступления Библиотека постоянного хранения Библиотека текущего хранения Место хранения Шифр хранения Штрих-код Статус не для выдачи
Книга 14.12.2023 Обязательный экземпляр РНБ (Московский) РНБ (Московский) Русский книжный фонд: издания с 1957 года, 8этаж, Хран. 2023-7/6725 1-4403022